000 00753nam a2200229 a 4500
999 _c189
_d189
001 189
003 BD-JhCC
005 20220630134020.0
008 171002s2012 bg |||| || | 000 1 ben d
020 _a9844582830
035 _a(BD-JhCC)189
040 _aBD-JhCC
_dBD-JhCC
041 _aben
082 _a891.445
_bIQB 2012
100 _aইকবাল, মুহাম্মদ জাফর
245 _aফোবিয়ানের যাত্রী :
_bবিজ্ঞান কল্পকাহিনী /
_cমুহাম্মদ জাফর ইকবাল
260 _aঢাকা :
_bসময় প্রকাশন,
_c2012
300 _a125 p. ;
_c22 cm.
650 _aBengali Fiction
942 _2ddc
_cBK
_020